| 000 | 00676nam a2200205 a 4500 | ||
|---|---|---|---|
| 001 | 000026029 | ||
| 005 | 20200930024237.0 | ||
| 008 | 110225s1979 xxu r 000 0 spa d | ||
| 040 |
_aDO-SdBNP _bspa _cBNPHU |
||
| 082 |
_ann* _bnn* |
||
| 100 | 1 |
_aWhite, Elena G. de. _952945 |
|
| 245 | 1 | 0 |
_aConsejos sobre el régimen alimenticio / _cCompilación de Elena G. de White. |
| 250 | _a5a ed. | ||
| 260 |
_aEstados Unidos : _bInteramericanas, _c1979. |
||
| 300 |
_a308 p. ; _c18 cm. |
||
| 500 | _aIncluye referencias bibliográficas y notas al pie de las páginas. | ||
| 500 | _aIncluye índice general alfabético. | ||
| 700 | 1 |
_aWhite, Elena G., _ecomp. _952946 |
|
| 049 | _aBNGR | ||
| 999 |
_c25521 _d25521 |
||